000 00552nam a22001577a 4500
003 OSt
005 20151106143716.0
008 151106b xxu||||| |||| 00| 0 eng d
040 _cRUA
082 _aFOR SOE 2000 B126 Or.1
100 _93451
_aSOEUN, MONYROATH.
245 _aThe study of biological and trade of flying fox, ការសិក្សាលក្ខណៈជីវសាស្ត្រ និងលារជួញដូរសត្វជ្រឹង
260 _aPhnom Penh
_bRUA
_c2000
300 _a39p.
_bill.
_c29cm.
942 _2ddc
_cFOR
999 _c3221
_d3221